Statystyki dla Mistrzostwie Polski w koszykówce mężczyzn

Kliknij tutaj aby rozwiązać quiz!

Ogólne statystyki

  • Ten quiz został rozwiązany 35 razy
  • Średni wynik to 6 z 22

Statystyki odpowiedzi

Liczba tytułówKlub% Poprawnych
17Śląsk Wrocław
91%
7Legia Warszawa
84%
3Anwil Włocławek
81%
5Zastal Zielona Góra
59%
9Arka Gdynia
53%
11Lech Poznań
41%
1Turów Zgorzelec
41%
1Polonia Warszawa
34%
6Wisła Kraków
25%
2Górnik Wałbrzych
22%
2AZS Warszawa
16%
4AZS Poznań
13%
1Resovia
13%
2Zagłębie Sosnowiec
13%
2Znicz Pruszków
13%
2Cracovia
9%
4Wybrzeże Gdańsk
6%
2YMCA Kraków
6%
1YMCA Łódź
6%
1Czarna Trzynastka Poznań
3%
2Społem Łódź
3%
1Łódzki Klub Sportowy
0%

Rozkład punktacji

Percentyl według liczby udzielonych odpowiedzi

Procent ludzi z każdym wynikiem

Twoja historia wyników

Nie rozwiązałeś tego quizu